| 000 | 00897cab a2200277 4500 | ||
|---|---|---|---|
| 001 | WB3404-08 | ||
| 008 | 090401t1998 xxu||||| |||| 00| 0 eng d | ||
| 035 | _a(Sirsi) u83346 | ||
| 041 | _aeng | ||
| 245 | _aNetspace launched | ||
| 260 | _c1998 | ||
| 350 | _a0 | ||
| 490 |
_aProperty Week _v61(3) 23 January 1998, 5(1) |
||
| 520 | _aServiced-office operator Regus has launched Netspace - a service to corporate occupiers requiring large serviced offices on longer leases. It is intended that Netspace offices will fit the requirements of an individual company. | ||
| 650 | _aBUSINESS CENTRES | ||
| 650 | _aCORPORATE OCCUPIERS | ||
| 650 | _aLONG LEASES | ||
| 650 | _aNETSPACE OFFICES | ||
| 650 | _aOCCUPIERS NEEDS | ||
| 650 | _aOFFICE OCCUPIERS | ||
| 650 | _aREGUS | ||
| 650 | _aSERVICED OFFICES | ||
| 690 | _aPROPERTY-COMMERCIAL PROPERTY | ||
| 942 | _n0 | ||
| 948 | _c27/01/1998 | ||
| 999 |
_c52636 _d52636 |
||